000 00955nam a2200301Ia 4500
001 11102
003 IT-RoPAU
008 130308s9999 xx 000 0 und d
040 _aIT-RoPAU
040 _cIT-RoPAU
041 _aITALIANO
100 _aSibilla Giuseppe
100 _gCodice Aut. SPICS: 1287
245 _aGiornalismo radiotelevisivo (Il)
245 _bCorso superiore di Giornalismo-7
250 _a1a ed.
260 _aROMA
260 _bAccademia
260 _c1978 [1° Ed.:1978 - Ed.Ling.Originale:1978]
300 _a"68 p. (prefazione: no ; testo: 68)"
500 _aGiornalismo Televisivo Notiziari Telecronaca Inchiesta e Documentario Dibattiti e Rubriche Giornalismo radiofonico prospettive del Giornalismo radiotelevisivo Glossario dei principali termini Tecnici
650 _aREGIA DELLA STAMPA DI MASSA
650 _eCodice materia Spics: 6653
942 _cBK
957 _71
999 _c49649
_d49649
999 _bSI
999 _g1